[Event "Corona Amateur Tournament (C-HTO)"]
[Site "Biel/Bienne"]
[Date "2020.07.28"]
[Round "8.1"]
[White "Fecker, Noah"]
[Black "Bauer, Christian"]
[Result "0-1"]
[WhiteElo "2346"]
[BlackElo "2623"]
[PlyCount "56"]
[EventDate "2020.07.20"]

1. e4 Nf6 2. e5 Nd5 3. d4 d6 4. Nf3 g6 5. Be2 Bg7 6. O-O O-O 7. c4 Nb6 8. b3
dxe5 9. Nxe5 c5 10. Bb2 Nc6 11. Nxc6 bxc6 12. Bf3 Qc7 13. Qd2 cxd4 14. c5 Nd7
15. Bxd4 Ne5 16. Bc3 Nxf3+ 17. gxf3 Rd8 18. Qe2 Bh3 19. Re1 Rd5 20. Qe3 Bf6 21.
f4 Qd7 22. Bxf6 exf6 23. Na3 Rd3 24. Qe4 Kg7 25. f3 Re8 26. Qxe8 Qd4+ 27. Kh1
Qf2 28. Qe2 Bg2# 0-1

[Event "Corona Amateur Tournament (C-HTO)"]
[Site "Biel/Bienne"]
[Date "2020.07.28"]
[Round "8.2"]
[White "Mathieu, Phileas"]
[Black "Siebrecht, Sebastian"]
[Result "1-0"]
[WhiteElo "2214"]
[BlackElo "2429"]
[Annotator "Workshop,Festival"]
[PlyCount "88"]
[EventDate "2020.07.20"]

1. e4 g6 2. d4 Bg7 3. Nc3 d6 4. Nf3 a6 5. a4 b6 6. Be3 Bb7 7. Bc4 e6 8. d5 e5
9. Qe2 Nd7 10. O-O-O Ngf6 11. Nd2 O-O 12. g4 Nc5 13. f3 Qd7 14. b3 Rfb8 15. Nf1
b5 16. axb5 axb5 17. Bxb5 c6 18. Bxc5 cxb5 19. Bb4 Ne8 20. Ne3 Nc7 21. Kb2 Na6
22. Na2 Bc8 23. Ra1 Bh6 24. c3 Qc7 25. Nc2 Bd7 26. Rhb1 Rc8 27. Qd3 Nc5 28.
Bxc5 Qxc5 29. Nab4 Kg7 30. Rxa8 Rxa8 31. Qe2 Rc8 32. Qe1 Kh8 33. Nd3 Qc7 34.
Ra1 f5 35. gxf5 gxf5 36. Ra6 Bg5 37. Ncb4 Rf8 38. Qa1 Bd2 39. Nc6 fxe4 40. fxe4
b4 41. Ncxb4 Bc8 42. Ra8 Qf7 43. Qa2 Be3 44. Rxc8 Rxc8 {Rest unleserlich} 1-0

[Event "Corona Amateur Tournament (C-HTO)"]
[Site "Biel/Bienne"]
[Date "2020.07.28"]
[Round "8.3"]
[White "Baenziger, Fabian"]
[Black "Bellahcene, Bilel"]
[Result "0-1"]
[WhiteElo "2403"]
[BlackElo "2502"]
[PlyCount "70"]
[EventDate "2020.07.20"]

1. d4 Nf6 2. c4 e6 3. Nf3 d5 4. g3 dxc4 5. Bg2 c6 6. Ne5 Bb4+ 7. Nc3 Nd5 8. O-O
O-O 9. Nxc4 Bxc3 10. bxc3 Nxc3 11. Qc2 Qxd4 12. Nb2 Na6 13. a3 Qf6 14. Nd3 Nd5
15. Bb2 Qe7 16. e4 Ndc7 17. f4 Rd8 18. Rad1 Nb5 19. a4 Nbc7 20. Qc3 f6 21. Ba3
Qe8 22. Nb2 Rxd1 23. Rxd1 b5 24. Qa5 Bb7 25. e5 Nd5 26. axb5 cxb5 27. exf6 b4
28. Rxd5 Bxd5 29. Bxd5 Rb8 30. f7+ Qxf7 31. Qxa6 exd5 32. Qd6 Qb7 33. Bxb4 Qxb4
34. Qxd5+ Kh8 35. Nd3 Qd2 0-1

[Event "Corona Amateur Tournament (C-HTO)"]
[Site "Biel/Bienne"]
[Date "2020.07.28"]
[Round "8.4"]
[White "Meins, Gerlef"]
[Black "Saya, Ethan"]
[Result "1-0"]
[WhiteElo "2415"]
[BlackElo "2199"]
[PlyCount "109"]
[EventDate "2020.07.20"]

1. Nf3 Nf6 2. c4 e6 3. g3 d5 4. Bg2 Be7 5. O-O O-O 6. d4 dxc4 7. Ne5 Nc6 8.
Bxc6 bxc6 9. Nxc6 Qd6 10. Qa4 Bb7 11. Nxe7+ Qxe7 12. Qxc4 Rfd8 13. Bg5 Rab8 14.
Nc3 Ba8 15. b3 h6 16. Bxf6 Qxf6 17. Rfd1 Qe7 18. Qc5 Qxc5 19. dxc5 Bc6 20.
Rxd8+ Rxd8 21. Rd1 Rb8 22. f3 Kf8 23. Kf2 Ke7 24. Ke3 f5 25. Kd4 Kf6 26. Kc4 g5
27. b4 Rc8 28. b5 Be8 29. a4 Ke7 30. Na2 f4 31. gxf4 gxf4 32. Nb4 e5 33. c6
Bf7+ 34. Kc5 Be6 35. Na6 Rd8 36. Rxd8 Kxd8 37. Nb4 Bb3 38. a5 Bd1 39. Nd3 Bxe2
40. Nxe5 Kc8 41. b6 axb6+ 42. axb6 cxb6+ 43. Kxb6 Bf1 44. Nf7 Bh3 45. Nd6+ Kd8
46. c7+ Ke7 47. c8=Q Bxc8 48. Nxc8+ Kf6 49. Kc5 Kg5 50. Kd5 Kh4 51. Ke4 Kh3 52.
Ne7 Kxh2 53. Kxf4 Kg2 54. Nf5 h5 55. Nh4+ 1-0

[Event "Corona Amateur Tournament (C-HTO)"]
[Site "Biel/Bienne"]
[Date "2020.07.28"]
[Round "8.5"]
[White "Buchenau, Frank"]
[Black "Kamber, Bruno"]
[Result "1-0"]
[WhiteElo "2278"]
[BlackElo "2290"]
[PlyCount "71"]
[EventDate "2020.07.20"]

1. e4 c6 2. Nf3 d5 3. Nc3 Bg4 4. d4 e6 5. h3 Bxf3 6. Qxf3 Nf6 7. a3 dxe4 8. Qe3
Nbd7 9. Nxe4 Nxe4 10. Qxe4 Nf6 11. Qd3 Qd5 12. Be3 Rd8 13. O-O-O Bd6 14. c4 Qe4
15. Qd2 c5 16. dxc5 Be7 17. Bd3 Qe5 18. Rhe1 Bxc5 19. Bh6 Qd4 20. Bxg7 Rg8 21.
Qh6 Rxg7 22. Qxg7 Bxa3 23. Rxe6+ fxe6 24. Bg6+ hxg6 25. Rxd4 Rxd4 26. Qxf6
Rxc4+ 27. Kb1 Be7 28. Qxg6+ Kf8 29. g4 e5 30. Qf5+ Ke8 31. Qxe5 Rb4 32. g5 a6
33. g6 Rb5 34. Qe6 Rg5 35. Qf7+ Kd7 36. g7 1-0

[Event "Corona Amateur Tournament (C-HTO)"]
[Site "Biel/Bienne"]
[Date "2020.07.28"]
[Round "8.6"]
[White "Gschnitzer, Adrian"]
[Black "Perestjuk, Marko"]
[Result "1-0"]
[WhiteElo "2404"]
[BlackElo "2116"]
[PlyCount "53"]
[EventDate "2020.07.20"]

1. d4 d5 2. c4 e6 3. Nc3 c6 4. e4 dxe4 5. Nxe4 Bb4+ 6. Bd2 Qxd4 7. Bxb4 Qxe4+
8. Be2 Na6 9. Bd6 e5 10. Nf3 Bg4 11. O-O O-O-O 12. Bd3 Qf4 13. Bxe5 Qxe5 14.
Nxe5 Bxd1 15. Bf5+ Kc7 16. Nxf7 Bh5 17. Nxd8 Kxd8 18. g4 Be8 19. Rad1+ Kc7 20.
Rfe1 Nh6 21. Re7+ Kb6 22. Rd8 Nxf5 23. gxf5 Rf8 24. Rdxe8 Rxf5 25. Rxg7 Nc5 26.
b4 Nd3 27. Rb8 1-0

[Event "Corona Amateur Tournament (C-HTO)"]
[Site "Biel/Bienne"]
[Date "2020.07.28"]
[Round "8.7"]
[White "Emmenecker, Philippe"]
[Black "Youssoupov, Moisse"]
[Result "0-1"]
[WhiteElo "2100"]
[BlackElo "2333"]
[PlyCount "118"]
[EventDate "2020.07.20"]

1. d4 g6 2. c4 Bg7 3. e4 c5 4. Nf3 Qa5+ 5. Nc3 Nf6 6. Bd3 cxd4 7. Nxd4 Nc6 8.
Nb3 Qd8 9. O-O O-O 10. Be3 b6 11. f3 Ba6 12. a4 d6 13. Rf2 Na5 14. Nb5 e6 15.
Bf1 Bxb5 16. axb5 Qe7 17. Rd2 Rfd8 18. Bg5 h6 19. Bh4 g5 20. Bf2 g4 21. Nd4
gxf3 22. gxf3 Nh5 23. Kh1 Qf6 24. Ra3 Rdc8 25. Rc3 Nf4 26. Qe1 Ng6 27. Bg3 h5
28. f4 Nxf4 29. Bh4 Qh6 30. Rg3 Ng6 31. Bg5 Qh8 32. h4 Nxc4 33. Bxc4 Rxc4 34.
Nc6 Re8 35. Qe2 Rc1+ 36. Rd1 Rxd1+ 37. Qxd1 Bf6 38. Qxd6 Bxg5 39. Rxg5 Qf6 40.
Qd1 Qf4 41. Qe1 Kg7 42. b4 Kh6 43. Rg1 Kh7 44. Rf1 Qc7 45. Qf2 Rf8 46. Qf3 Kh6
47. e5 Qd7 48. Rd1 Qb7 49. Rf1 a6 50. bxa6 Qxa6 51. Qe3+ Kg7 52. Rg1 Qc4 53.
Nd4 Rd8 54. Nf3 Rd3 55. Qe2 Qd5 56. Rg3 Kf8 57. Kh2 Nxh4 58. Qxd3 Qxd3 59. Nxh4
Qe2+ 0-1

[Event "Corona Amateur Tournament (C-HTO)"]
[Site "Biel/Bienne"]
[Date "2020.07.28"]
[Round "8.8"]
[White "Adrian, Claude"]
[Black "Steibel, Julien"]
[Result "1/2-1/2"]
[WhiteElo "2246"]
[BlackElo "1989"]
[PlyCount "84"]
[EventDate "2020.07.20"]

1. Nf3 c5 2. c4 Nc6 3. Nc3 e5 4. e3 f5 5. d4 e4 6. Ng1 Nf6 7. Nh3 d6 8. Nf4 g6
9. h4 Bh6 10. dxc5 dxc5 11. Qxd8+ Kxd8 12. Bd2 Bxf4 13. exf4 Nd4 14. O-O-O Ke7
15. Be3 Rd8 16. Nb5 Nxb5 17. Rxd8 Kxd8 18. cxb5 b6 19. Bc4 Ke7 20. Rd1 Be6 21.
Bxe6 Kxe6 22. Kc2 h5 23. Kb3 Nd5 24. a4 Rd8 25. a5 Rd7 26. axb6 axb6 27. Ra1
Nxe3 28. fxe3 Rd3+ 29. Kc4 Rxe3 30. Ra6 Re2 31. Rxb6+ Kd7 32. Rxg6 Rxb2 33. Rf6
Rxg2 34. Rxf5 Rf2 35. Rd5+ Ke6 36. Re5+ Kd6 37. Rxe4 Rc2+ 38. Kb3 Rc1 39. Re5
Rb1+ 40. Kc3 Rxb5 41. Rxh5 Rb4 42. Rf5 Ke6 1/2-1/2

[Event "Corona Amateur Tournament (C-HTO)"]
[Site "Biel/Bienne"]
[Date "2020.07.28"]
[Round "8.9"]
[White "Rohrer, Christophe"]
[Black "Thomas, Jeremy"]
[Result "1-0"]
[WhiteElo "2235"]
[BlackElo "1914"]
[Annotator "Workshop,Festival"]
[PlyCount "69"]
[EventDate "2020.07.20"]

1. e4 c5 2. Nf3 d6 3. d4 cxd4 4. Nxd4 Nf6 5. Nc3 a6 6. Bg5 e6 7. f4 h6 8. Bh4
Qb6 9. a3 Be7 10. Bf2 Qc7 11. Bd3 Nbd7 12. Qe2 b6 13. O-O-O Bb7 14. Rhe1 Nc5
15. Kb1 O-O-O 16. Rc1 Kb8 17. b4 Ncd7 18. Na4 a5 19. c4 axb4 20. axb4 g5 21.
Qa2 Ng4 22. Bg1 Ba8 23. h3 Ngf6 24. Rc3 d5 25. Nb5 Qb7 26. fxg5 Nxe4 27. Bxe4
dxe4 {(=)} 28. c5 Qd5 29. Qxd5 exd5 30. c6 Nc5 31. c7+ Kb7 32. cxd8=Q Rxd8 33.
bxc5 bxc5 34. Nxc5+ Kb6 35. Ne6+ 1-0

[Event "Corona Amateur Tournament (C-HTO)"]
[Site "Biel/Bienne"]
[Date "2020.07.28"]
[Round "8.10"]
[White "Dammann, Jorn"]
[Black "Schulz, Michael"]
[Result "1/2-1/2"]
[WhiteElo "1850"]
[BlackElo "2132"]
[PlyCount "87"]
[EventDate "2020.07.20"]

1. e4 g6 2. d4 Bg7 3. Nc3 c5 4. d5 d6 5. Bb5+ Nd7 6. a4 Ngf6 7. f4 O-O 8. Nf3
a6 9. Bc4 Rb8 10. a5 b5 11. axb6 Rxb6 12. O-O Ne8 13. Re1 Nc7 14. Qd3 Rb4 15.
Na4 Nf6 16. Bd2 Rxc4 17. Qxc4 Nb5 18. Nc3 Qb6 19. Nxb5 axb5 20. Qe2 b4 21. c4
Bg4 22. h3 Bxf3 23. Qxf3 Nd7 24. Ra2 b3 25. Ra3 Bxb2 26. Rxb3 Bd4+ 27. Kh2 Qa6
28. Qd3 Ra8 29. Bc3 Qa2 30. Bb2 Bxb2 31. Re2 Ra3 32. Rexb2 Qxb2 33. Rxa3 Qc1
34. g3 Qb2+ 35. Kg1 Qc1+ 36. Kg2 Qb2+ 37. Kf3 Nf6 38. Ra8+ Kg7 39. Ra7 Kf8 40.
Qe3 Qb1 41. e5 Qf1+ 42. Qf2 Qd3+ 43. Qe3 Qf1+ 44. Qf2 1/2-1/2

[Event "Corona Amateur Tournament (C-HTO)"]
[Site "Biel/Bienne"]
[Date "2020.07.28"]
[Round "8.11"]
[White "Pham, Khoi"]
[Black "Jepsen, Thomas Tange"]
[Result "1-0"]
[WhiteElo "2048"]
[BlackElo "2116"]
[PlyCount "97"]
[EventDate "2020.07.20"]

1. e4 c6 2. d4 d5 3. e5 Bf5 4. h4 Qb6 5. g4 Bd7 6. c4 dxc4 7. Bxc4 e6 8. Nc3
Ne7 9. h5 h6 10. a3 Nd5 11. Ne4 Na6 12. Rh3 c5 13. g5 Be7 14. gxh6 gxh6 15. Ne2
cxd4 16. Rb3 Qa5+ 17. Bd2 Qc7 18. Bxd5 exd5 19. Nd6+ Bxd6 20. exd6 Qxd6 21.
Nxd4 O-O-O 22. Qc1+ Bc6 23. Nb5 Qe6+ 24. Re3 Qg4 25. Nxa7+ Kd7 26. Nxc6 bxc6
27. Qd1 Qg1+ 28. Ke2 Qg4+ 29. Kf1 Qxd1+ 30. Rxd1 Nc5 31. Rf3 Rh7 32. Be3 Ne4
33. b4 Rg8 34. Rc1 Rg4 35. Ke2 Rh4 36. Rf5 Nd6 37. Rf6 Rxh5 38. Bf4 Nc4 39. a4
Ne5 40. b5 cxb5 41. axb5 Rh8 42. b6 Ke7 43. b7 Rb8 44. Rb6 Kd7 45. Rc5 f6 46.
Rxd5+ Kc7 47. Rxf6 Kxb7 48. Rb5+ Ka7 49. Be3+ 1-0

[Event "Corona Amateur Tournament (C-HTO)"]
[Site "Biel/Bienne"]
[Date "2020.07.28"]
[Round "8.12"]
[White "Karsay, Pascal"]
[Black "Ermitsch, Magnus"]
[Result "1/2-1/2"]
[WhiteElo "2304"]
[BlackElo "2000"]
[Annotator "Workshop,Festival"]
[PlyCount "122"]
[EventDate "2020.07.20"]

1. d4 Nf6 2. c4 e6 3. Nf3 Bb4+ 4. Nbd2 c5 5. a3 Bxd2+ 6. Qxd2 b6 7. e3 Bb7 8.
Be2 Ne4 9. Qc2 f5 10. b4 d6 11. Bb2 O-O 12. Rd1 Nd7 13. O-O Rc8 14. dxc5 bxc5
15. Ne1 Qg5 16. Qb3 d5 17. Nf3 Qg6 18. Qa4 Rc7 19. Ne5 Nxe5 20. Bxe5 d4 21. f3
Nc3 22. Qc2 Rcc8 23. Rde1 Nxe2+ 24. Rxe2 cxb4 25. axb4 Ba6 26. Rd2 Bxc4 27. Re1
Be2 28. Qa2 Bxf3 29. Qxa7 dxe3 30. Qxe3 Bd5 31. b5 Rc4 32. b6 Re4 33. Qg3 Rg4
34. Qh3 Qf7 35. Rc1 Qb7 36. Rb2 Rc8 37. Bc7 Qa8 38. Rcb1 Qb7 39. Qe3 Bxg2 40.
Qxe6+ Kh8 41. Bg3 Rg6 42. Qe3 Be4 43. Rc1 Rxc1+ 44. Qxc1 h6 45. Qe3 {(=)} f4
46. Qxf4 Rxb6 47. Rxb6 Qxb6+ 48. Qf2 Qb1+ 49. Qf1 Qc2 50. Qf2 Qd1+ 51. Qf1 Qd4+
52. Qf2 Qb4 53. Qe1 Qb6+ 54. Qf2 Qg6 55. Qf8+ Kh7 56. Qf4 Bb7 57. Kf2 Qc2+ 58.
Ke1 Ba6 59. Qe3 Qb1+ 60. Kd2 Bb5 61. Be5 Qa2+ 1/2-1/2

[Event "Corona Amateur Tournament (C-HTO)"]
[Site "Biel/Bienne"]
[Date "2020.07.28"]
[Round "8.14"]
[White "Decker, Nils"]
[Black "Emmenecker, Pierre-Antoine"]
[Result "0-1"]
[WhiteElo "2047"]
[BlackElo "2172"]
[PlyCount "118"]
[EventDate "2020.07.20"]

1. e4 e5 2. Nf3 Nc6 3. Nc3 Nf6 4. Bb5 Bb4 5. O-O O-O 6. d3 d6 7. Ne2 Bg4 8.
Bxc6 bxc6 9. Ng3 Nh5 10. h3 Nxg3 11. fxg3 Bc5+ 12. Kh1 Bd7 13. g4 f6 14. Qe1 d5
15. b4 Bd6 16. c3 a5 17. a3 Be6 18. Bb2 c5 19. exd5 Bxd5 20. b5 e4 21. dxe4 Bc4
22. a4 Bxf1 23. Qxf1 Qe7 24. Qc4+ Qf7 25. Nd2 Rfe8 26. Qxf7+ Kxf7 27. Rf1 Rad8
28. g5 Kg6 29. gxf6 gxf6 30. c4 Be5 31. Bxe5 Rxe5 32. Nb3 Rxe4 33. Rc1 Re3 34.
Nxc5 Ra3 35. Ne6 Rc8 36. Nf4+ Kf7 37. Nd5 Rxa4 38. b6 c5 39. b7 Rb8 40. Rb1
Rxc4 41. Rb6 Rd4 42. Nxf6 Rb4 43. Ra6 R8xb7 44. Nxh7 a4 45. Ng5+ Ke7 46. Kh2
Rc7 47. Ne6 Rc8 48. Kg3 c4 49. Nf4 Rb3+ 50. Kf2 a3 51. Ra7+ Kd6 52. Ke2 c3 53.
Nd3 Rb2+ 54. Ke3 Rb1 55. Rxa3 c2 56. Ra6+ Ke7 57. Ra7+ Kf8 58. Rh7 Kg8 59. Rd7
Rb3 0-1

[Event "Corona Amateur Tournament (C-HTO)"]
[Site "Biel/Bienne"]
[Date "2020.07.28"]
[Round "8.15"]
[White "Cahen, Alexis"]
[Black "Krivenko, Dion"]
[Result "1/2-1/2"]
[WhiteElo "2125"]
[BlackElo "2046"]
[Annotator "Workshop,Festival"]
[PlyCount "54"]
[EventDate "2020.07.20"]

1. d4 Nf6 2. Bf4 d5 3. e3 c5 4. c3 Nc6 5. Nf3 Qb6 6. Na3 c4 7. b3 e5 8. dxe5
Ne4 9. Nb1 Qa5 10. Nfd2 cxb3 11. Nxb3 Qd8 12. f3 Nc5 13. Bb5 Ne6 14. Bg3 Be7
15. Nd4 Bd7 16. Qe2 O-O 17. f4 Ncxd4 18. exd4 Nxd4 19. cxd4 Qa5+ 20. Kf2 {(=)}
Bxb5 21. Qb2 Rac8 22. Rc1 Rxc1 23. Qxc1 Bd7 24. Nd2 Rc8 25. Qd1 Ba4 26. Nb3
Bxb3 27. axb3 Qc3 1/2-1/2

[Event "Corona Amateur Tournament (C-HTO)"]
[Site "Biel/Bienne"]
[Date "2020.07.28"]
[Round "8.16"]
[White "Perreard, Nicolas"]
[Black "Carre, Sylvain"]
[Result "1-0"]
[WhiteElo "1956"]
[BlackElo "2106"]
[Annotator "Workshop,Festival"]
[PlyCount "105"]
[EventDate "2020.07.20"]

1. d4 d5 2. c4 c5 3. Nf3 Nf6 4. e3 dxc4 5. Bxc4 e6 6. O-O a6 7. b3 b5 8. Bd3
Bb7 9. Bb2 cxd4 10. Nxd4 Be7 11. e4 O-O 12. Re1 Bc5 13. Bc2 Nc6 14. Nxc6 Qxd1
15. Rxd1 Bxc6 16. Nc3 Ba7 17. b4 Rac8 18. Rd2 Rfd8 19. Rad1 Rxd2 20. Rxd2 Kf8
21. h3 Ke7 22. Kf1 {(=)} Bb7 23. f3 Nh5 24. Bb3 Ng3+ 25. Ke1 g5 26. Ne2 Nxe2
27. Kxe2 Bb8 28. Bd4 Bf4 29. Be3 h5 30. Bxf4 gxf4 31. Rc2 Rxc2+ 32. Bxc2 {(=)}
Kf6 33. h4 Ke5 34. Kd3 Bc6 35. Kc3 Be8 36. Bd3 f6 37. a4 bxa4 38. Bxa6 a3 39.
b5 Kd6 40. b6 Bf7 41. Kb3 e5+ 42. Kxa3 Kc6 43. b7 Kc7 44. Kb4 Be6 45. Kc5 Bb3
46. Bc4 Bc2 47. b8=Q+ Kxb8 48. Kd6 Kc8 49. Ke6 Kc7 50. Kxf6 Kd6 51. Bf7 Bd3 52.
Bxh5 Bf1 53. Bg4 1-0

[Event "Corona Amateur Tournament (C-HTO)"]
[Site "Biel/Bienne"]
[Date "2020.07.28"]
[Round "8.17"]
[White "Jovanovic, Sladjan"]
[Black "Jakhari, Ansh"]
[Result "1-0"]
[WhiteElo "2176"]
[BlackElo "1908"]
[PlyCount "41"]
[EventDate "2020.07.20"]

1. Nf3 Nf6 2. e3 e6 3. b3 c5 4. Bb2 Nc6 5. c4 Be7 6. Nc3 O-O 7. Qc2 d5 8. cxd5
exd5 9. Ne2 Nb4 10. Qb1 g6 11. Ng3 Ne4 12. a3 Nxg3 13. hxg3 Bf5 14. d3 Nc6 15.
Qc1 d4 16. e4 Be6 17. Qh6 Bh4 18. Rxh4 Re8 19. Bc1 f6 20. Qxh7+ Kf8 21. Bh6#
1-0

[Event "Corona Amateur Tournament (C-HTO)"]
[Site "Biel/Bienne"]
[Date "2020.07.28"]
[Round "8.18"]
[White "Pahud, Cedric"]
[Black "Courjal, Pauline"]
[Result "1-0"]
[WhiteElo "2225"]
[BlackElo "1848"]
[PlyCount "65"]
[EventDate "2020.07.20"]

1. e4 e6 2. Nf3 d5 3. exd5 exd5 4. d4 Nf6 5. Bd3 Bd6 6. Qe2+ Be6 7. c4 dxc4 8.
Bxc4 Qe7 9. O-O O-O 10. Nc3 Nbd7 11. Bxe6 Qxe6 12. Qxe6 fxe6 13. Re1 Rae8 14.
Nb5 e5 15. Nxd6 cxd6 16. dxe5 dxe5 17. Be3 b6 18. Rac1 e4 19. Nd4 Ne5 20. Rc7
Nd3 21. Re2 Nd5 22. Rxa7 Nxe3 23. fxe3 Rc8 24. h3 Rc1+ 25. Kh2 Rfc8 26. Ne6 Re8
27. Nxg7 Re5 28. g4 Ne1 29. Kg3 Nf3 30. Nh5 Re6 31. Rg7+ Kh8 32. Rf7 Rcc6 33.
Rf8# 1-0

[Event "Corona Amateur Tournament (C-HTO)"]
[Site "Biel/Bienne"]
[Date "2020.07.28"]
[Round "8.19"]
[White "Shatil, Shir"]
[Black "Ohler, Julius"]
[Result "1/2-1/2"]
[WhiteElo "1826"]
[BlackElo "2024"]
[PlyCount "52"]
[EventDate "2020.07.20"]

1. d4 Nf6 2. c4 e6 3. Nc3 Bb4 4. e3 O-O 5. Bd3 c5 6. Nf3 d5 7. O-O cxd4 8. exd4
dxc4 9. Bxc4 b6 10. Bg5 Bb7 11. Qe2 Bxc3 12. bxc3 h6 13. Bh4 Nbd7 14. Rac1 Rc8
15. Ba6 Qc7 16. Bxb7 Qxb7 17. c4 Rc6 18. Bg3 Rfc8 19. Rc2 Ne8 20. Rfc1 Nd6 21.
Bxd6 Rxd6 22. h3 Rdc6 23. Ne1 Qa6 24. Kh2 Qa3 25. g3 Qd6 26. Nf3 Qb4 1/2-1/2

[Event "Corona Amateur Tournament (C-HTO)"]
[Site "Biel/Bienne"]
[Date "2020.07.28"]
[Round "8.20"]
[White "Bonferroni, Thierry"]
[Black "Zecirovic, Giacomo"]
[Result "0-1"]
[WhiteElo "1964"]
[BlackElo "1813"]
[Annotator "Workshop,Festival"]
[PlyCount "58"]
[EventDate "2020.07.20"]

1. e4 c5 2. Nf3 Nc6 3. Nc3 e6 4. d4 cxd4 5. Nxd4 a6 6. Be2 Nge7 7. O-O Nxd4 8.
Qxd4 Nc6 9. Qd3 Be7 10. Nd5 exd5 11. exd5 O-O 12. dxc6 dxc6 13. Rd1 Qc7 14. Qe4
Bf6 15. Bd3 g6 16. Bh6 Rd8 17. Qf3 Bxb2 18. c3 Qe5 19. Bxg6 Be6 20. Rab1 Rxd1+
21. Qxd1 hxg6 22. Rxb2 Qxc3 23. Rxb7 Kh7 24. Be3 {(=)} Rd8 25. Qb1 Bxa2 26. Qf1
Bc4 27. Qb1 Ba2 28. Qf1 Bb3 29. Rxb3 Qxb3 0-1

[Event "Corona Amateur Tournament (C-HTO)"]
[Site "Biel/Bienne"]
[Date "2020.07.28"]
[Round "8.21"]
[White "Rempe, Jonas"]
[Black "Moriniaux, Colin"]
[Result "1-0"]
[WhiteElo "1801"]
[BlackElo "1963"]
[PlyCount "73"]
[EventDate "2020.07.20"]

1. e4 c5 2. Nf3 d6 3. d4 cxd4 4. Nxd4 Nf6 5. Nc3 g6 6. Be3 Bg7 7. f3 Nc6 8. Qd2
O-O 9. O-O-O d5 10. Qe1 Nxd4 11. Bxd4 e6 12. h4 h5 13. Kb1 b5 14. g4 b4 15. Ne2
hxg4 16. h5 gxf3 17. Ng3 f2 18. Qd2 e5 19. Bxe5 Bg4 20. Qe3 Bxd1 21. h6 Bxc2+
22. Ka1 dxe4 23. Be2 f1=Q+ 24. Nxf1 Nd5 25. hxg7 f6 26. Qh6 Kf7 27. gxf8=Q+
Qxf8 28. Qd2 Qc5 29. Bd4 Qc6 30. Rh7+ Ke6 31. Bg4+ f5 32. Qg5 Qe8 33. Bxf5+ Kd6
34. Bxg6 Qf8 35. Ne3 Nxe3 36. Qe5+ Kc6 37. Rc7# 1-0

[Event "Corona Amateur Tournament (C-HTO)"]
[Site "Biel/Bienne"]
[Date "2020.07.28"]
[Round "8.22"]
[White "Famel, Edouard"]
[Black "Moerwald, Magdalena"]
[Result "1-0"]
[WhiteElo "1934"]
[BlackElo "1791"]
[PlyCount "71"]
[EventDate "2020.07.20"]

1. d4 d5 2. c4 e6 3. Nc3 Bb4 4. Nf3 Nf6 5. Bg5 h6 6. Bh4 g5 7. Bg3 Ne4 8. Nd2
Nxc3 9. bxc3 Bxc3 10. Rc1 Bxd2+ 11. Qxd2 Nc6 12. e3 dxc4 13. Rxc4 Bd7 14. Be2
h5 15. h4 Rc8 16. e4 g4 17. d5 Ne7 18. Qc3 Ng6 19. Bxc7 Qe7 20. d6 Qf8 21. Rc5
Rh7 22. Qb2 Bc6 23. Bb5 f6 24. Bxc6+ bxc6 25. Qb7 Rhxc7 26. dxc7 Rxc7 27. Qb8+
Kd7 28. Qxf8 Nxf8 29. Rxh5 Rb7 30. O-O e5 31. Rh8 Ke7 32. Rg8 Rb4 33. Re1 f5
34. Rg5 fxe4 35. Rxe5+ Kd6 36. R5xe4 1-0

[Event "Corona Amateur Tournament (C-HTO)"]
[Site "Biel/Bienne"]
[Date "2020.07.28"]
[Round "8.23"]
[White "Bruessow, Jakob"]
[Black "Briand, Amaury"]
[Result "1-0"]
[WhiteElo "1779"]
[BlackElo "1929"]
[PlyCount "139"]
[EventDate "2020.07.20"]

1. e4 e5 2. Nf3 Nc6 3. d4 exd4 4. Nxd4 Qf6 5. Be3 Bc5 6. c3 Nge7 7. Bc4 O-O 8.
O-O Bb6 9. Kh1 Qg6 10. Nd2 Ne5 11. Be2 d5 12. Bh5 Qd6 13. f4 N5c6 14. e5 Qd8
15. Bg4 Bxd4 16. Bxd4 Nxd4 17. Bxc8 Qxc8 18. cxd4 Nf5 19. Qa4 Re8 20. Rac1 Re6
21. Nf3 Ra6 22. Qb3 Rb6 23. Qc3 Qd7 24. b3 Rh6 25. Kg1 c6 26. Rf2 Re8 27. Qd3
Nh4 28. Nxh4 Rxh4 29. f5 g6 30. Rcf1 Re4 31. Rf4 Rxf4 32. Rxf4 Qe7 33. f6 Qb4
34. Qe3 a5 35. h3 Qf8 36. Rh4 b5 37. Qg5 Kh8 38. Rh6 Qg8 39. Qg4 Re6 40. Qf4
Re8 41. Qd2 Ra8 42. Qc1 Rc8 43. Rh4 Qf8 44. Qd2 Rd8 45. a3 a4 46. b4 Re8 47.
Qe3 Re6 48. Qg5 Re8 49. Qc1 Rc8 50. Kh2 Kg8 51. Rg4 h5 52. Rg5 Qh6 53. h4 Rc7
54. Qe3 Kh7 55. Qf4 Rc8 56. Qc1 Qf8 57. Qc2 Kh8 58. Qe2 Re8 59. Kg1 Re6 60. g4
hxg4 61. h5 Qh6 62. Qxg4 Kh7 63. hxg6+ fxg6 64. Kg2 Kh8 65. Qh3 Qxh3+ 66. Kxh3
Kh7 67. Kg4 Kh6 68. Kf4 Re8 69. Rg2 Kh7 70. Kg5 1-0

[Event "Corona Amateur Tournament (C-HTO)"]
[Site "Biel/Bienne"]
[Date "2020.07.28"]
[Round "8.24"]
[White "Smeets, Kobe"]
[Black "Fecker, Jan"]
[Result "1/2-1/2"]
[WhiteElo "1755"]
[BlackElo "1898"]
[PlyCount "86"]
[EventDate "2020.07.20"]

1. e4 c5 2. Nf3 e6 3. d4 cxd4 4. Nxd4 Nc6 5. Nc3 Qc7 6. g3 a6 7. Bg2 h5 8. Be3
Nf6 9. O-O Ng4 10. Qf3 Nce5 11. Qe2 Nxe3 12. Qxe3 Bc5 13. Nce2 Qb6 14. Qc3 h4
15. Nxe6 dxe6 16. Qxe5 f6 17. Qc3 e5 18. Rad1 Be6 19. a3 Rc8 20. Qd2 Kf7 21. b4
Be7 22. c3 a5 23. Rfe1 Bb3 24. Rb1 a4 25. Nc1 Rhd8 26. Qe2 Rxc3 27. Nxb3 axb3
28. Qh5+ Kf8 29. Qxh4 Rd2 30. Qh8+ Kf7 31. Qh5+ Kf8 32. Qh8+ Kf7 33. Qh5+ Kg8
34. Rf1 b2 35. Qe8+ Bf8 36. Bh3 Rc6 37. Bf5 g5 38. Qg6+ Bg7 39. Rbd1 Rdd6 40.
Qe8+ Bf8 41. h4 Qc7 42. Rxd6 Qxd6 43. Qg6+ Bg7 1/2-1/2

[Event "Corona Amateur Tournament (C-HTO)"]
[Site "Biel/Bienne"]
[Date "2020.07.28"]
[Round "8.25"]
[White "Stoecklin, Carlo"]
[Black "Schimmer, Michael"]
[Result "0-1"]
[WhiteElo "1857"]
[BlackElo "1776"]
[PlyCount "54"]
[EventDate "2020.07.20"]

1. e4 c5 2. Nf3 e6 3. c4 Nc6 4. d4 cxd4 5. Nxd4 Nf6 6. Nc3 Bb4 7. f3 O-O 8. Be3
d5 9. Nxc6 bxc6 10. cxd5 exd5 11. e5 Re8 12. f4 Ng4 13. Bg1 Nxe5 14. fxe5 Rxe5+
15. Be2 Bxc3+ 16. bxc3 Ba6 17. Bd4 Rxe2+ 18. Qxe2 Bxe2 19. Kxe2 Qg5 20. g3 Re8+
21. Kd3 Qg4 22. Rae1 Qf3+ 23. Kd2 Rxe1 24. Rxe1 h5 25. Bxa7 h4 26. gxh4 Qf4+
27. Kc2 Qa4+ 0-1

[Event "Corona Amateur Tournament (C-HTO)"]
[Site "Biel/Bienne"]
[Date "2020.07.28"]
[Round "8.26"]
[White "Norden, Marc"]
[Black "Spanton, Tim R"]
[Result "1/2-1/2"]
[WhiteElo "1690"]
[BlackElo "1855"]
[PlyCount "113"]
[EventDate "2020.07.20"]

1. d4 d5 2. c4 Nc6 3. cxd5 Qxd5 4. Nf3 e5 5. Nc3 Bb4 6. Bd2 Bxc3 7. Bxc3 e4 8.
Ne5 Nxe5 9. dxe5 Qxd1+ 10. Rxd1 Be6 11. b3 Ne7 12. e3 Nd5 13. Bd4 O-O-O 14. a3
Ne7 15. b4 Nc6 16. Bc3 Bb3 17. Rc1 Rhe8 18. Be2 Nxe5 19. O-O f6 20. Bd4 Kb8 21.
Rc3 Bd5 22. Rfc1 Nc6 23. Bc5 b6 24. b5 Ne5 25. Bd4 Rc8 26. h3 c5 27. bxc6 Nxc6
28. Ba6 Rc7 29. Bb5 Kb7 30. Kf1 Rec8 31. Bxc6+ Bxc6 32. Ke1 Rd7 33. g3 Rd5 34.
h4 Rb5 35. Kd2 Bd7 36. Rxc8 Bxc8 37. Rc3 Bh3 38. Kc1 Bf1 39. Kd2 Bd3 40. Rc1
Rb3 41. Ra1 Bb5 42. Bc3 Kc6 43. a4 Bd3 44. f3 a6 45. g4 Kd5 46. f4 Bb1 47. Bd4
Kc4 48. f5 Kd5 49. g5 fxg5 50. hxg5 g6 51. f6 Ke6 52. Kc1 Bd3 53. Kd2 Rb1 54.
Rxb1 Bxb1 55. Bxb6 h5 56. gxh6 Kxf6 57. Bd4+ 1/2-1/2